000 00488nam a2200181Ia 4500
999 _c14607
_d14607
003 OSt
005 20201117151010.0
008 190216s9999||||xx |||||||||||||| ||und||
020 _a9788130915036
040 _coclc
082 _a421
_bLOM/S
100 _aLomas, Brian
_96638
245 0 _aSuccessful Presentations /
_cBrian Lomas
260 _bViva Book,
_c2010.
_aNew delhi;
300 _a196p
650 _aEnglish
942 _cBK
_2ddc
_h421
_iLOM/S
_k421
_mLOM/S